| 000 -LEADER |
| fixed length control field |
00588nam a2200181Ia 4500 |
| 020 ## - INTERNATIONAL STANDARD BOOK NUMBER |
| ISBN |
0785430571 (teacher's ed.) |
| 020 ## - INTERNATIONAL STANDARD BOOK NUMBER |
| ISBN |
0785430563 (student ed.) |
| 040 ## - CATALOGING SOURCE |
| Transcribing agency |
MNC |
| 082 ## - DEWEY DECIMAL CLASSIFICATION NUMBER |
| Classification number |
425 ASG 2003 A023 Or. |
| 100 1# - MAIN ENTRY--AUTHOR NAME |
| Personal name |
Ainsworth, Barbara A |
| 245 10 - TITLE STATEMENT |
| Title |
English to use. |
| Remainder of title |
teacher's edition / |
| 260 ## - PUBLICATION, DISTRIBUTION, ETC. (IMPRINT) |
| Place of publication |
Circle Pines, MN : |
| Name of publisher |
AGS, American Guidance Service, |
| Year of publication |
c2003 |
| 300 ## - PHYSICAL DESCRIPTION |
| Number of Pages |
T18, xvi, 338 p. : |
| Other physical details |
ill. ; |
| Dimensions |
28 cm. + |
| Accompanying material |
Student text (xvi, 304 p. : ill. ; 24 cm.) |
| 650 #0 - SUBJECT ADDED ENTRY--TOPICAL TERM |
| Topical Term |
English language |
| 700 1# - ADDED ENTRY--PERSONAL NAME |
| Personal name |
Trautman, David H |
| 710 2# - ADDED ENTRY--CORPORATE NAME |
| Corporate name or jurisdiction name as entry element |
American Guidance Service |
| 942 ## - ADDED ENTRY ELEMENTS (KOHA) |
| Koha item type |
សៀវភៅភាសាអង់គ្លេស |
| 952 ## - LOCATION AND ITEM INFORMATION (KOHA) |
| Withdrawn status [LOCAL, KOHA] |
0 |